Online Catalogue and eLibrary

Gender within the human rights discourse / (Record no. 535)

MARC details
000 -LEADER
fixed length control field 00738cam a2200229 a 4500
001 - CONTROL NUMBER
control field 2121505
005 - DATE AND TIME OF LATEST TRANSACTION
control field 20240304020556.0
008 - FIXED-LENGTH DATA ELEMENTS--GENERAL INFORMATION
fixed length control field 960815s1995 ii b 000 0 eng
040 ## - CATALOGING SOURCE (பட்டியலாக்க மூலம்)
Original cataloging agency DLC
Transcribing agency DLC
Modifying agency DLC
-- WaU
082 00 - DDC Classification
Class No. 323.334.
DDC Edition Number 21
Item Number - Author Mark VEE.
100 1# - MAIN ENTRY--PERSONAL NAME
Personal name Poonacha, Veena.
245 10 - TITLE STATEMENT
Title Gender within the human rights discourse /
Statement of responsibility, etc. Veena Poonacha.
250 ## - EDITION STATEMENT
Edition statement 1st.
260 ## - PUBLICATION, DISTRIBUTION, ETC.
Place of publication, distribution, etc. Bombay :
Name of publisher, distributor, etc. Research Centre for Women's Studies, S.N.D.T. Women's University,
Date of publication, distribution, etc. 1995.
300 ## - PHYSICAL DESCRIPTION
Extent (e.g. Volumes, Pages etc.) viii, 184 p. ;
490 1# - SERIES STATEMENT
Series statement RCWS gender series. Gender and law [i.e. politics] ;
500 ## - GENERAL NOTE
General note Series statement on cover: RCWS gender series. Gender & politics ; bk. 1.
650 #0 - SUBJECT ADDED ENTRY--TOPICAL TERM
Topical term or geographic name entry element Women
650 #0 - SUBJECT ADDED ENTRY--TOPICAL TERM
Topical term or geographic name entry element Women's rights
650 #0 - SUBJECT ADDED ENTRY--TOPICAL TERM
Topical term or geographic name entry element Feminism
942 ## - Koha item type (Biblio)
Koha item type Books in Stacks (Lending)
Holdings
Lost status Damaged status Collection code Home library Current library Date acquired Full call number Accession Number Item type
    Lending WERC Library WERC Library 03/04/2024 323.334. VEE. 5059 Books in Stacks (Lending)

© WERC Library